| Tag |
First Indicator |
Second Indicator |
Subfields |
| LEADER |
00000cam a2200000 a 4500 |
| 001 |
in00000782421 |
| 005 |
20220103134635.0 |
| 007 |
cr unu a |
| 008 |
890907s1988 xx a b 00010 eng d |
| 035 |
|
|
|9 ADM2847AM
|
| 035 |
|
|
|a (OCoLC)20311722
|
| 040 |
|
|
|a TXA
|c TXA
|d UtOrBLW
|
| 049 |
|
|
|a TXAZ [Also in] [Archives]
|c 1 [A11557635], 2 [A11557685]
|
| 099 |
|
|
|a 1988
|a Thesis
|a K48
|
| 100 |
1 |
|
|a Kilgore, James Joseph.
|
| 245 |
1 |
0 |
|a Rotordynamic coefficients and leakage flow of parallel-grooved liquid-seals /
|c by James Joseph Kilgore.
|
| 264 |
|
1 |
|a [Place of publication not identified] :
|b [publisher not identified] ;
|c 1988.
|
| 300 |
|
|
|a xiv, 93 leaves :
|b illustrations ;
|c 29 cm.
|
| 336 |
|
|
|a text
|b txt
|2 rdacontent
|
| 337 |
|
|
|a computer
|b c
|2 rdamedia
|
| 338 |
|
|
|a online resource
|b cr
|2 rdacarrier
|
| 500 |
|
|
|a "Major subject: Mechanical Engineering."
|
| 500 |
|
|
|a Typescript (photocopy).
|
| 500 |
|
|
|a Vita.
|
| 502 |
|
|
|b M.S.
|c Texas A&M University
|d 1988.
|
| 504 |
|
|
|a Includes bibliographical references.
|
| 530 |
|
|
|a Also available online.
|
| 650 |
|
0 |
|a Frictional resistance (Hydrodynamics)
|
| 650 |
|
0 |
|a Turbine pumps.
|
| 650 |
|
0 |
|a Turbomachines
|x Fluid dynamics.
|
| 650 |
|
4 |
|a Major mechanical engineering.
|
| 856 |
4 |
1 |
|u https://hdl.handle.net/1969.1/ETD-TAMU-1988-THESIS-K48
|z Link to OAKTrust copy
|t 0
|
| 999 |
|
|
|a MARS
|
| 999 |
f |
f |
|s 67ac3753-e892-3d80-81d4-d5c0b0b1eddd
|i 0be902ad-de29-36f1-bb34-644f6e14db5e
|t 0
|
| 952 |
f |
f |
|p noncirc
|a Texas A&M University
|b J.J. Pickle Campus
|c High Density Repository
|s HDR
|d Remote Storage
|t 0
|e 1988 Thesis K48
|h Other scheme
|i computer -- online resource
|m A14839639150
|
| 952 |
f |
f |
|a Texas A&M University
|b College Station
|c Electronic Resources
|s www_evans
|d Available Online
|t 0
|e 1988 Thesis K48
|h Other scheme
|
| 998 |
f |
f |
|a 1988 Thesis K48
|t 0
|l Available Online
|
| 998 |
f |
f |
|a 1988 Thesis K48
|t 0
|l Remote Storage
|